Education for creative living (Record no. 1983)

MARC details
000 -LEADER
fixed length control field 00602cam a2200217ua 4500
001 - CONTROL NUMBER
control field 2117
005 - DATE AND TIME OF LATEST TRANSACTION
control field 20260515113440.0
008 - FIXED-LENGTH DATA ELEMENTS--GENERAL INFORMATION
fixed length control field 110804n ii |||gr||||Z||||||eng
020 ## - INTERNATIONAL STANDARD BOOK NUMBER
International Standard Book Number 81-237-3650-9
040 ## - CATALOGING SOURCE
Transcribing agency MAIN
082 ## - DEWEY DECIMAL CLASSIFICATION NUMBER
Classification number 370
100 ## - MAIN ENTRY--PERSONAL NAME
Personal name ed. by. Bethel, Dayle M.,
Relator term Author.
245 1# - TITLE STATEMENT
Title Education for creative living
Statement of responsibility, etc. ed. by Dayle M. Bethel
250 ## - EDITION STATEMENT
Edition statement 1st.
260 ## - PUBLICATION, DISTRIBUTION, ETC.
Place of publication, distribution, etc. New Delhi:
Name of publisher, distributor, etc. National book trust,
Date of publication, distribution, etc. 2005.
300 ## - PHYSICAL DESCRIPTION
Extent vi; 260p:
Dimensions 23cm.
653 ## - INDEX TERM--UNCONTROLLED
Uncontrolled term Education
653 ## - INDEX TERM--UNCONTROLLED
Uncontrolled term Education for creative living
700 ## - ADDED ENTRY--PERSONAL NAME
Personal name translated by Birnbaum, Alfred ,
Relator term Author.
942 ## - ADDED ENTRY ELEMENTS (KOHA)
Koha item type Books
Holdings
Withdrawn status Lost status Damaged status Not for loan Home library Current library Shelving location Date acquired Total checkouts Full call number Barcode Date last seen Copy number Price effective from Koha item type
        Naharkatiya College Library Naharkatiya College Library General stacks 09/19/2020   370 | BET 16254 09/19/2020 1 09/19/2020 Books